000 00533nam a2200169Ia 4500
008 090201s9999 xx 000 0 und d
010 _aKPL-60668
040 _bमराठी
041 _aमराठी
082 _a1963
_b60668
100 _aनीलकंठ खाडिलकर
245 _aनेताजी
_cनीलकंठ खाडिलकर
260 _c2004
_bपरचुरे प्रकाशन मंदिर
300 _a113
_bमोठा
600 _aनेताजी
942 _cBOOK
999 _c203051
_d203051